00595nam a2200193 a 4500008004100000020001800041050001700059100001900076245006800095250001300163260003700176260003300213300003800246650001400284650002100298650003700319700002300356700002200379130404s2010 ||||||||||||||||| || u a9781439046579 aQA 154.2 Gus aFrisk, Peter D10aCollege Algebra. (10th ed.)cby David R. Gustafson (and others) a10th ed. aBelmont:bCengage Learningc2010 aBelmont:bBrookes/Colec2010 axv, 752p. (various pagings): ill. aTEXTBOOKS 0aALGEBRAS, LINEAR 0aOPERATIONS RESEARCH--MATHEMATICS aGustafson, David R aHughes, Jeffrey D